| 000 | 00779nam a2200229 i 4500 | ||
|---|---|---|---|
| 001 | 51140 | ||
| 003 | ES-MaACL | ||
| 007 | t| | ||
| 008 | 030811s1970 sp ||||1| spa d | ||
| 100 | 1 |
_aCharbonneaux, Jean. _938061 |
|
| 245 | 1 | 0 |
_aGrecia clásica _b: (480-330 a. de J.C.) / _cJean Charbonneaux, Roland Martin, Francois Villard ; traducción por José Antonio Miguez. |
| 250 | _a[1ª ed.]. | ||
| 260 |
_a[Madrid] : _bAguilar, _c[1970] |
||
| 300 |
_aX, 426 p., 28 lám. : _b2 map. ; _c28 cm. |
||
| 490 | 1 | _aEl universo de las formas | |
| 700 | 1 |
_aMartin, Roland. _977372 |
|
| 700 | 1 |
_aVillard, Francois. _9115108 |
|
| 700 | 1 |
_aMíguez, José Antonio. _981053 |
|
| 830 | 0 |
_aEl universo de las formas _9181490 |
|
| 852 |
_aES-MaACL _jE-6955 _bR.51282 |
||
| 999 |
_c51140 _d51140 |
||